000 00242nam a22000857a 4500
008 161202b xxu||||| |||| 00| 0 eng d
100 _91741
_aMadan, M., etal
245 _aComp Act :Learning Computer Through Activities
260 _aNew Delhi
_bNavdeep
999 _c4451
_d4451